[Event "Salento op 1st"]
[Site "Gallipoli"]
[Date "2012.05.25"]
[Round "8"]
[White "Ambrosanio, Raffaele"]
[Black "Arnetta, Maria Teresa"]
[Result "0-1"]
[WhiteElo "1967"]
[BlackElo "2020"]
[PlyCount "72"]
[EventDate "2012.05.19"]
[EventType "swiss"]
[EventRounds "9"]
[EventCountry "ITA"]
[SourceTitle "CBM 148 Extra"]
[Source "ChessBase"]
[SourceDate "2012.06.22"]
[SourceVersion "1"]
[SourceVersionDate "2012.06.22"]
[SourceQuality "1"]

1. c4 e5 2. g3 Nf6 3. Bg2 Nc6 4. Nc3 Bc5 5. e3 d5 6. Nxd5 Nxd5 7. cxd5 Nb4 8. d3 c6 9. a3 Nxd5 10. Ne2 Bb6 11. 0-0 0-0 12. Qc2 h5 13. h4 Bg4 14. Kh2 Qe7 15. Nc3 Rad8 16. Bd2 Nf6 17. Rfe1 Qd7 18. d4 exd4 19. exd4 Bf5 20. Qb3 Ng4+ 21. Kg1 Bxd4 22. Be3 Bxe3 23. fxe3 Qc7 24. Ne2 Rd3 25. Qc2 Nxe3 26. Qc5 Nxg2 27. Kxg2 Bg4 28. Nf4 Rd2+ 29. Kf1 Rxb2 30. Qc3 Qb6 31. Re3 Rb1+ 32. Rxb1 Qxb1+ 33. Re1 Qb5+ 34. Kf2 Rd8 35. Re3 Qb6 36. Kg2 Qd4 0-1

[Event "Salento op 1st"]
[Site "Gallipoli"]
[Date "2012.05.24"]
[Round "7"]
[White "Akshat, Chandra"]
[Black "Ambrosanio, Raffaele"]
[Result "1-0"]
[WhiteElo "2146"]
[BlackElo "1967"]
[PlyCount "63"]
[EventDate "2012.05.19"]
[EventType "swiss"]
[EventRounds "9"]
[EventCountry "ITA"]
[SourceTitle "CBM 148 Extra"]
[Source "ChessBase"]
[SourceDate "2012.06.22"]
[SourceVersion "1"]
[SourceVersionDate "2012.06.22"]
[SourceQuality "1"]

1. e4 d6 2. d4 Nf6 3. Nc3 g6 4. f4 Bg7 5. Nf3 c5 6. Bb5+ Bd7 7. Bxd7+ Nfxd7 8. d5 Na6 9. 0-0 0-0 10. Re1 Qb8 11. Qe2 Nc7 12. a4 b6 13. e5 Qb7 14. Qd3 Rad8 15. e6 fxe6 16. dxe6 Bxc3 17. bxc3 Nf6 18. c4 d5 19. Ng5 dxc4 20. Qh3 Qd5 21. Nf7 Rxf7 22. exf7+ Kxf7 23. Bb2 Qf5 24. Qh4 Nce8 25. Re2 Rd7 26. Rae1 h5 27. Qg3 Qd5 28. Re5 Qc6 29. f5 Ng4 30. Re6 Qxa4 31. fxg6+ Kg8 32. Qf4 1-0

[Event "Salento op 1st"]
[Site "Gallipoli"]
[Date "2012.05.22"]
[Round "5"]
[White "Ambrosanio, Raffaele"]
[Black "Hocevar, Nikola"]
[Result "1/2-1/2"]
[WhiteElo "1967"]
[BlackElo "2044"]
[PlyCount "91"]
[EventDate "2012.05.19"]
[EventType "swiss"]
[EventRounds "9"]
[EventCountry "ITA"]
[SourceTitle "CBM 148 Extra"]
[Source "ChessBase"]
[SourceDate "2012.06.22"]
[SourceVersion "1"]
[SourceVersionDate "2012.06.22"]
[SourceQuality "1"]

1. c4 e5 2. g3 Nf6 3. Bg2 Nc6 4. Nc3 Bc5 5. e3 0-0 6. Nge2 Re8 7. d3 Bf8 8. 0-0 d6 9. Qb3 Bd7 10. a3 Rb8 11. Qc2 g6 12. b4 Ne7 13. Bb2 Bg7 14. Rad1 c6 15. d4 exd4 16. Nxd4 d5 17. Qb3 dxc4 18. Qxc4 Qc8 19. Qc5 b6 20. Qd6 c5 21. Nde2 cxb4 22. axb4 Be6 23. Rc1 Qd8 24. Nb5 Qxd6 25. Nxd6 Red8 26. Rfd1 Nfd5 27. Bxg7 Kxg7 28. Nb5 Nxb4 29. Nxa7 Nd3 30. Rb1 Ba2 31. Ra1 Bc4 32. Nd4 Ne5 33. Rdc1 b5 34. h3 Rf8 35. f4 Nd3 36. Rc3 Nb4 37. Rb1 Nbd5 38. Ra3 b4 39. Ra4 Nxe3 40. Raxb4 Rxb4 41. Rxb4 Rd8 42. Nf3 N7d5 43. Rb7 Ba6 44. Rb2 Nxg2 45. Kxg2 Ne3+ 46. Kh2 1/2-1/2

[Event "Politiken Cup 33rd"]
[Site "Helsingor"]
[Date "2011.08.06"]
[Round "9"]
[White "Ambrosanio, Raffaele"]
[Black "Hansen, Mads"]
[Result "0-1"]
[WhiteElo "1967"]
[BlackElo "2224"]
[PlyCount "58"]
[EventDate "2011.07.30"]
[EventType "swiss"]
[EventRounds "10"]
[EventCountry "DEN"]
[SourceTitle "CBM 143 Extra"]
[Source "ChessBase"]
[SourceDate "2011.08.29"]
[SourceVersion "1"]
[SourceVersionDate "2011.08.29"]
[SourceQuality "1"]

1. c4 e6 2. Nf3 Nf6 3. g3 d5 4. d4 Bb4+ 5. Bd2 Be7 6. Nc3 0-0 7. Bg2 dxc4 8. Qa4 a6 9. Qxc4 b5 10. Qd3 Bb7 11. a3 c5 12. 0-0 Nbd7 13. e3 Bxf3 14. Bxf3 Ne5 15. Qe2 Nxf3+ 16. Qxf3 cxd4 17. exd4 Qxd4 18. Rfd1 Qc4 19. b4 a5 20. Qb7 axb4 21. axb4 Rxa1 22. Rxa1 Bxb4 23. Qf3 Rd8 24. Ra8 Rxa8 25. Qxa8+ Bf8 26. Qa6 Qd4 27. Be1 b4 28. Qa4 Qe5 29. Qa1 Nd5 0-1

[Event "Politiken Cup 33rd"]
[Site "Helsingor"]
[Date "2011.07.30"]
[Round "1"]
[White "Nielsen, Peter Heine"]
[Black "Ambrosanio, Raffaele"]
[Result "1-0"]
[WhiteElo "2681"]
[BlackElo "1967"]
[PlyCount "49"]
[EventDate "2011.07.30"]
[EventType "swiss"]
[EventRounds "10"]
[EventCountry "DEN"]
[SourceTitle "CBM 143 Extra"]
[Source "ChessBase"]
[SourceDate "2011.08.29"]
[SourceVersion "1"]
[SourceVersionDate "2011.08.29"]
[SourceQuality "1"]

1. d4 Nf6 2. c4 g6 3. Nc3 Bg7 4. e4 d6 5. Nf3 0-0 6. Be2 e5 7. 0-0 Nc6 8. d5 Ne7 9. b4 Nh5 10. Re1 f5 11. Ng5 Nf4 12. Bxf4 exf4 13. Rc1 Rf6 14. c5 Kh8 15. Bc4 h6 16. Nf3 fxe4 17. Nxe4 Rf5 18. Bb3 Rh5 19. Qe2 Nf5 20. Ned2 Bd7 21. c6 bxc6 22. dxc6 Bc8 23. Qe8+ Qxe8 24. Rxe8+ Kh7 25. Bg8+ 1-0

[Event "Otranto op 1st"]
[Site "Otranto"]
[Date "2011.05.27"]
[Round "8"]
[White "Ambrosanio, Raffaele"]
[Black "Messina, Roberta"]
[Result "1-0"]
[WhiteElo "1956"]
[BlackElo "1897"]
[PlyCount "71"]
[EventDate "2011.05.21"]
[EventType "swiss"]
[EventRounds "9"]
[EventCountry "ITA"]
[SourceTitle "CBM 142 Extra"]
[Source "ChessBase"]
[SourceDate "2011.06.27"]
[SourceVersion "1"]
[SourceVersionDate "2011.06.27"]
[SourceQuality "1"]

1. c4 e5 2. Nc3 Nf6 3. g3 d5 4. cxd5 Nxd5 5. Bg2 Nb6 6. Nf3 Nc6 7. d3 Be7 8. 0-0 0-0 9. Be3 Be6 10. a3 f6 11. Rc1 Qd7 12. Re1 Rfd8 13. Ne4 Bd5 14. Qc2 Rac8 15. Bc5 Bxe4 16. dxe4 Bxc5 17. Qxc5 Qg4 18. Qb5 Kh8 19. Red1 Rd7 20. Rxd7 Qxd7 21. e3 Rd8 22. Qb3 g6 23. h3 Kg7 24. Bf1 Qd6 25. Kh2 Na5 26. Qc3 Qc6 27. Qe1 Qxe4 28. Rxc7+ Kh6 29. Bg2 Qa4 30. Qc1 Rd7 31. Qc5 Rxc7 32. Qxc7 Qc4 33. Qe7 Qc8 34. Qxf6 Nac4 35. Ng5 Nd6 36. Ne6 1-0

[Event "Amantea op-A 6th"]
[Site "Amantea"]
[Date "2008.09.05"]
[Round "7"]
[White "Spassov, Liuben"]
[Black "Ambrosanio, Raffaele"]
[Result "1-0"]
[WhiteElo "2428"]
[BlackElo "1942"]
[PlyCount "53"]
[EventDate "2008.08.31"]
[EventType "swiss"]
[EventRounds "9"]
[EventCountry "ITA"]
[SourceTitle "CBM 126 Extra"]
[Source "ChessBase"]
[SourceDate "2008.11.05"]
[SourceVersion "1"]
[SourceVersionDate "2008.11.05"]
[SourceQuality "1"]

1. d4 Nf6 2. c4 g6 3. Nc3 Bg7 4. e4 d6 5. f3 0-0 6. Bg5 c5 7. d5 e6 8. Qd2 exd5 9. cxd5 a6 10. a4 Nbd7 11. Nh3 h6 12. Be3 Ne5 13. Nf2 h5 14. Be2 Bd7 15. 0-0 Kh7 16. h3 Bc8 17. f4 Ned7 18. Bd3 Ng8 19. e5 dxe5 20. f5 Bh6 21. Nfe4 c4 22. Bxh6 Nxh6 23. fxg6+ fxg6 24. Ng5+ Kg8 25. Ne6 Qb6+ 26. Kh1 Rxf1+ 27. Rxf1 1-0